Statistics for Lego Star Wars: The Skywalker Saga Characters

Click here to take the quiz!

General Stats

  • This quiz has been taken 1,176 times
    (742 since last reset)
  • The average score is 186 of 454

Answer Stats

Answer% Correct
Luke Skywalker (Ceremony)
94%
Luke Skywalker (Classic)
94%
Luke Skywalker (Endor)
94%
Luke Skywalker (Episode IV)
94%
Luke Skywalker (Episode VI)
94%
Luke Skywalker (Episode V- Jedi)
94%
Luke Skywalker (Episode V- No Jacket)
94%
Luke Skywalker (Hoth)
94%
Luke Skywalker (Jabba's Palace)
94%
Luke Skywalker (Old- Ach-To)
94%
Luke Skywalker (Old- Flashback)
94%
Luke Skywalker (Old- Raincoat)
94%
Luke Skywalker (Rebel Pilot)
94%
Luke Skywalker (Stomtrooper)
94%
Luke Skywalker (Stormtrooper- No Helmet)
94%
Luke Skywalker (Training Flashback)
94%
Luke Skywalker (Yoda Backpack)
94%
General Leia Organa
92%
General Leia Organa (Bandaged)
92%
General Leia Organa (Black Robes)
92%
General Leia Organa (Episode IX)
92%
General Leia Organa (Silver/Grey Robes)
92%
Leia (Boushh Disguise)
92%
Leia (Classic)
92%
Leia (Cloud City)
92%
Leia (Endor)
92%
Leia (Endor- Hat)
92%
Leia (Episode IV)
92%
Leia (Episode V)
92%
Leia (Episode V- Hoth)
92%
Leia (Ewok Village)
92%
Leia (Jabba's Palace)
92%
Leia (Training Flashback)
92%
Obi-Wan Kenobi (Episode I)
91%
Obi-Wan Kenobi (Episode II)
91%
Obi-Wan Kenobi (Episode III)
91%
Obi-Wan Kenobi (Episode III- Cape)
91%
Obi-Wan Kenobi (Episode II- Robe)
91%
Obi-Wan Kenobi (Episode I- No Cape)
91%
Han Solo (Carbonite)
90%
Han Solo (Carbonite Shirt)
90%
Han Solo (Classic)
90%
Han Solo Endor
90%
Han Solo (Episode IV)
90%
Han Solo (Episode V)
90%
Han Solo (Episode VII)
90%
Han Solo (Hoth)
90%
Han Solo (Hoth- Hood)
90%
Han Solo (Stormtrooper)
90%
Han Solo (Stormtrooper- No Helmet)
90%
Han Solo (Young)
90%
Darth Vader
89%
D-O (Holiday Special)
89%
R2-D2
86%
R2-D2 (Summer Vacation)
86%
R2-D2 (Swamp)
86%
R2-D2 (Waiter)
86%
Anakin Skywalker (Charred)
84%
Anakin Skywalker (Episode I)
84%
Anakin Skywalker (Episode II)
84%
Anakin Skywalker (Episode II- Cape)
84%
Anakin Skywalker (Episode III)
84%
Anakin Skywalker (Episode III- Cape)
84%
Anakin Skywalker (Pilot)
84%
Anakin Skywalker (Podracer)
84%
Anakin Skywalker (Yellow Eyes)
84%
Chewbacca
84%
C-3PO
83%
Palpatine (Chancellor- Grey)
83%
Palpatine (Chancellor- Red)
83%
Palpatine (Scarred)
83%
Palpatine (Senator)
83%
Rey (Episode IX)
83%
Rey (Episode VII)
83%
Rey (Episode VII- Jedi)
83%
Rey (Episode VII- Starkiller Base)
83%
Rey (Grey Jedi Wrap)
83%
Rey (Kijimi Coat)
83%
Rey (Scavenger Grey Vest)
83%
Rey (Sith)
83%
Rey Skywalker
83%
Yoda
83%
Padme (Battle of Naboo)
80%
Padme (Clawed)
80%
Padme (Handmaiden- Orange)
80%
Padme (Pilot)
80%
Padme (Pilot- Helmet)
80%
Padme (Pregnant)
80%
Padme (Ship)
80%
Padme (Silver Cape)
80%
Padme (Tatooine Disguise)
80%
Finn (Bacta Suit)
79%
Finn (Crait)
79%
Finn (Episode IX)
79%
Finn (Episode VII)
79%
Finn (Episode VIII- Supremacy)
79%
Finn (First Order)
79%
Finn (FN-2187)
79%
Finn (FN-2187 - No Helmet)
79%
Finn (Jacket- White Shirt)
79%
Finn (Kijimi Coat)
79%
Finn (Summer Vacation)
79%
Boba Fett
78%
Boba Fett (Old)
78%
Boba Fett (Young)
78%
Darth Maul
78%
Darth Maul (Clone Wars)
78%
Darth Maul (No Cape)
78%
Qui-Gon Jinn
78%
Jango Fett
75%
Jango Fett (Casual)
75%
Jango Fett (Clone)
75%
C-3PO (Episode I)
73%
C-3PO (Holiday Special)
73%
C-3PO (Kijimi Coat)
73%
C-3PO (Red Arm)
73%
C-3PO (Red Eyes)
73%
C-3PO (Rusted)
73%
Stormtrooper
73%
Stormtrooper (Empire Commander)
73%
Stormtrooper (Empire Sergeant)
73%
Stormtrooper (First Order)
73%
Stormtrooper (First Order- Driver)
73%
Stormtrooper (First Order Heavy Assault)
73%
Stormtrooper (First Order Officer)
73%
Stormtrooper (First Order Sergeant)
73%
Stormtrooper (First Order Squad Leader)
73%
Stormtrooper (Incinerator)
73%
Stormtrooper (Mimban)
73%
Kylo Ren
70%
Kylo Ren (Episode IX)
70%
Kylo Ren (No Helmet)
70%
Kylo Ren (No Helmet- Scar)
70%
Kylo Ren (Topless)
70%
Mace Windu
70%
Mace Windu (Cape)
70%
Jabba the Hutt
69%
Lando Calrissian (Classic)
68%
Lando Calrissian (Episode IX)
68%
Lando Calrissian (Episode V)
68%
Lando Calrissian (Episode VI- General)
68%
Lando Calrissian (Han Solo's Clothes)
68%
Lando Calrissian (Hermit)
68%
Lando Calrissian (Jabba's Palace)
68%
Lando Calrissian (Young)
68%
Count Dooku
67%
Jar Jar Binks
67%
Jar Jar (Senator)
67%
Chewbacca (Holiday Special)
64%
Chewbacca (Young)
64%
Clone Trooper (212th Attack Battalion)
64%
Clone Trooper (501st Legion)
64%
Clone Trooper (Captain)
64%
Clone Trooper (Commander)
64%
Clone Trooper (Coruscant Guard)
64%
Clone Trooper (Kashyyyk)
64%
Clone Trooper (Lieutenant)
64%
Clone Trooper (Phase I)
64%
Clone Trooper (Phase II)
64%
Clone Trooper (Sergeant)
64%
Darth Vader (Classic)
62%
Darth Vader (Holiday Special)
62%
Darth Vader (No Helmet)
62%
Darth Vader (Obi-Wan Kenobi)
62%
Darth Vader (Summer Vacation)
62%
Poe Dameron (Black Resistance Jacket)
62%
Poe Dameron (Episode IX)
62%
Poe Dameron (Holiday Special)
62%
Poe Dameron (Jacket)
62%
Poe Dameron (Kijimi Coat)
62%
Poe Dameron (Pilot)
62%
Poe Dameron (Pilot- Helmet)
62%
General Grievous
59%
B1 Battle Droid
57%
B1 Battle Droid (Commander)
57%
B1 Battle Droid (Geonosis)
57%
B1 Battle Droid (Heavy Assault)
57%
B1 Battle Droid (Kashyyyk)
57%
B1 Battle Droid (Security)
57%
Kit Fisto
57%
BB-8
54%
BB-8 (Disguise)
54%
Commander Cody
52%
Ki-Adi-Mundi
52%
D-O
51%
Admiral Ackbar
49%
Plo Koon
48%
Ahsoka Tano
44%
Captain Rex
44%
Snoke
44%
B2 Super Battle Droid
43%
Aayla Secura
40%
Bossk
40%
Droideka
40%
Tarkin
40%
Watto
40%
IG-88
38%
The Emperor
38%
The Emperor (Clone)
38%
The Emperor (Summer Vacation)
38%
Shaak Ti
37%
Wicket
37%
Boss Nass
36%
Greedo
36%
Rose Tico
36%
Rose Tico (Crait)
36%
Rose Tico (Episode IX)
36%
Rose Tico (Episode VIII- Supremacy)
36%
Rose Tico (First Order)
36%
Shmi
36%
Yaddle
36%
Captain Panaka
35%
Nute Gunray
35%
Snowtrooper
35%
Bail Organa
34%
Ben Kenobi (Obi-Wan Kenobi)
34%
General Hux
34%
Bib Fortuna
33%
Captain Phasma
33%
Captain Phasma (Cracked Helmet)
33%
Jawa
33%
Old Ben Kenobi (Classic)
33%
Old Ben Kenobi (Tatooine)
33%
Old Ben Kenobi (Tatooine- Hood)
33%
Sebulba
33%
Ben Solo
32%
Dengar
32%
Rancor
32%
Luminara Unduli
31%
Tusken Raider
31%
Mon Mothma
29%
4-LOM
28%
Gonk Droid
28%
Gonk Droid (Holiday Special)
28%
Sandtrooper
28%
Sandtrooper (Commander)
28%
Sandtrooper (Sergeant)
28%
TC-14
28%
Barriss Offee
26%
Cad Bane
26%
Cassian Andor
26%
Cassian Andor (Andor)
26%
Jyn Erso
26%
Wedge Antilles
26%
Asajj Ventress
24%
Din Djarin
24%
Scout Trooper
24%
Scout Trooper (Kashyyyk)
24%
Lobot
23%
Commander Gree
22%
Ezra Bridger
22%
Maz Kanata
22%
Poggle the Lesser
22%
Admiral Holdo
21%
Lama Su
21%
Queen Amidala
21%
Tarfful
21%
Bo-Katan Kryze
20%
Captain Tarpals
20%
Echo
20%
R4-P17
20%
Wampa
20%
Zam Wessell (Alien Face)
20%
Zam Wessell (Human)
20%
Biggs Darklighter
19%
Captain Antilles
19%
DJ
19%
DJ (First Order)
19%
Hera Syndulla
19%
Hunter
19%
K-2SO
19%
Kanan Jarrus
19%
Sabine Wren
19%
Wrecker
19%
Zuckuss
19%
Aurra Sing
18%
Captain Typho
18%
IG-11
18%
Moff Gideon
18%
Mouse Droid
18%
Savage Opress
18%
Tech
18%
Crosshair
17%
IG-101 MagnaGuard Droid
17%
Yarael Poof
17%
Babu Frik
16%
Cara Dune
16%
Fennec Shand
16%
Grand Inquisitor
16%
Pit Droid
16%
Rebel Friend
16%
Death Trooper
15%
Dexter Jettster
15%
Sith Trooper
15%
Thrawn
15%
TIE Fighter Pilot
15%
BB-9E
14%
Chirrut Imwe
14%
Mama the Hutt
14%
Qi'ra
14%
Reva
14%
Baze Malbus
13%
Bodhi Rook
13%
Director Krennic
13%
Greef Karga
13%
Jocasta Nu
13%
Ugnaught
13%
Chief Chirpa
12%
Gungan Warrior
12%
Logray
12%
Fifth Brother
11%
Mas Amedda
11%
Nien Nunb
11%
Oola
11%
Shore Trooper
11%
Sy Snootles
11%
Tobias Beckett
11%
Max Reebo
10%
Salacious Crumb
10%
Teebo
10%
Unkar Plutt
10%
Zorii Bliss
10%
2-1B
9%
H1-NT
9%
Jannah
9%
Jek Porkins
9%
Paploo
9%
Praetorian Guard (Eighth Guard)
9%
Praetorian Guard (First Guard)
9%
Praetorian Guard (Seventh Guard)
9%
Praetorian Guard (Third Guard)
9%
R2-Q5
9%
R5-D4
9%
8D8
8%
Ap'lek
8%
Boolio
8%
Figrin D'an
8%
First Order Officer
8%
First Order Officer (Kijimi)
8%
Gar Saxon
8%
Klaud
8%
Kuiil
8%
Mustafarian
8%
Qui-Gon Jinn (Cape)
8%
Qui-Gon Jinn (Tatooine Disguise)
8%
Rune Haako
8%
Senate Guard
8%
The Armorer
8%
Wandering Wookie
8%
AD-4M
7%
Aftab Ackbar
7%
Cardo
7%
Cobb Vanth
7%
Doctor Evazan
7%
E-3PO
7%
Enfys Nest
7%
First Order Flametrooper
7%
FN-2199
7%
Fode and Beed
7%
Gasgano
7%
Gonkatine
7%
Imperial Probe Droid
7%
K-3PO
7%
Obi-Wan Kenobi (Summer Vacation)
7%
Ponda Baba
7%
Pryde
7%
R-3PO
7%
Sith Acolyte
7%
Teedo
7%
Alcida-Auka
6%
Bala-Tik
6%
Bazine Netal
6%
Beaumont Kin
6%
Bobbajo
6%
Captain Canady
6%
Captain Peavey
6%
Carib Diss
6%
Empire Captain
6%
First Order Snowtrooper
6%
Garven Dreis
6%
General Rieekan
6%
General Rieekan (Hoth - Hood)
6%
Krrsantan
6%
Kuruk
6%
Luthen Rael
6%
Malakili
6%
Master Codebreaker
6%
Mister Bones
6%
Peli Motto
6%
Ric Olie
6%
Sith Jet Trooper
6%
Tallie Lintra
6%
Tion Medon
6%
Trudgen
6%
Ushar
6%
Vicrul
6%
Weequay
6%
Zev Senesca
6%
Bix Caleen
5%
C'ai Threnalli
5%
Commander D'Acy
5%
Commander Jir
5%
Dedra Meero
5%
Dellso Prin
5%
Ello Asty
5%
Emperor's Royal Guard
5%
EV-9D9 Supervisor Droid
5%
First Order Jet Trooper
5%
G8-R3
5%
Grakchawwaa
5%
Grebe-Korora
5%
Greeata Jendowanian
5%
Grummgar
5%
Imperial Gunnery Technician
5%
Jess Pava
5%
Jubnuk
5%
K3-R1
5%
Kaydel Connix
5%
Kaydel Connix (Episode IX)
5%
LC-24
5%
Mawhonic
5%
ME-8D9
5%
Nambi Ghima
5%
Ody Mandrell
5%
OOM-9
5%
R2-A6
5%
R2-B1
5%
R2-KT
5%
R2-R9
5%
RA-7
5%
Range Trooper
5%
Ratts Tyerell
5%
Ree-Yees
5%
Roger
5%
Rothgar Deng
5%
Sidon Ithano
5%
Sith Probe Droid
5%
Syril Karn
5%
Tasu Leech
5%
Temiri Blagg
5%
Temmin Wexley
5%
Theron Nett
5%
Willrow Hood
5%
Wrobie Tyce
5%
First Order Special Forces Fighter Pilot
4%
First Order TIE Pilot
4%
Imperial Fleet Trooper
4%
R2-N3
4%
R4-M9
4%
R5-2JE
4%
R5-M2
4%
Sovereign Protector
4%
Ubbla Mollbro
4%
First Order Cold Weather Assault Trooper
3%

Score Distribution

Percentile by Number Answered

Percent of People with Each Score

Your Score History

You have not taken this quiz since the last reset